[Event "Ogolnopolska Olimpiada Mlodziezy w Sportach Umyslowych - C12"]
[Site "Walbrzych, Zamek Ksiaz"]
[Date "2013-04-18"]
[Round "2.4"]
[White "Psyk, Radoslaw"]
[Black "Szymanowski, Igor"]
[Result "1-0"]
[WhiteTitle "I"]
[BlackTitle "II"]
[WhiteElo "1782"]
[BlackElo "1654"]

1. e4 c5 2. Nf3 d6 3. c3 Nf6 4. h3 Nc6 5. Bd3 e6 6. Bc2 Be7 7. O-O O-O 8. Re1 Qc7
9. d4 cxd4 10. cxd4 b6 11. Nc3 Bb7 12. Bg5 Ne8 13. Bf4 Rd8 14. a3 Bf6 15. d5 Ne5
16. dxe6 Nxf3+ 17. Qxf3 fxe6 18. Bb3 Qe7 19. Qg4 Kh8 20. Bd2 Nc7 21. Rad1 Bc8
22. f4 Bd4+ 23. Kh1 Qf6 24. Rf1 Na6 25. Be1 g5 26. Bd2 gxf4 27. Rxf4 Qg6 28. Qxg6
hxg6 29. Rxf8+ Rxf8 30. Bh6 Bg7 31. Bxg7+ Kxg7 32. Rxd6 Nc5 33. Bc4 Nb7 34. Rd2
Rd8 35. Rxd8 Nxd8 36. Kg1 Kf6 37. Kf2 Ke5 38. Ke3 Bb7 39. h4 Nf7 40. g4 Nd6 41.
Bd3 Nf7 42. Nd1 Bc6 43. Nf2 Kd6 44. g5 Ne5 45. Be2 Be8 46. Nh3 Bf7 47. Nf4 Be8
48. b3 Bf7 49. h5 gxh5 50. Nxh5 Ng6 51. Nf6 Nf8 52. Ng4 Ng6 53. Bb5 Ne5 54. Nf6
Ke7 55. Be2 Kd6 56. Nh5 Ng6 57. Ng3 Ne5 58. Bh5 Bxh5 59. Nxh5 Ng6 60. Nf4 Ne7
61. Kd3 b5 62. Kc3 e5 63. Nd5 Ng6 64. Kb4 Kc6 65. Nc3 a6 66. Nd5 Kb7 67. Kc5 Kc8
68. Kb6 Kd7 69. Kxa6 Nf4 70. Kxb5 Ne6 71. g6 Ke8 72. Kc4 Kf8 73. a4 Kg7 74. a5
Kxg6 75. a6 1-0

[Event "Ogolnopolska Olimpiada Mlodziezy w Sportach Umyslowych - C12"]
[Site "Walbrzych, Zamek Ksiaz"]
[Date "2013-04-18"]
[Round "2.5"]
[White "Poplawski, Maciej"]
[Black "Kosakowski, Jakub"]
[Result "0-1"]
[WhiteTitle "II"]
[BlackTitle "I"]
[WhiteElo "1605"]
[BlackElo "1754"]

1. d4 Nf6 2. Nc3 d5 3. Bg5 Nbd7 4. e3 e6 5. Bd3 c5 6. dxc5 Bxc5 7. Nge2 O-O 8.
O-O h6 9. Bh4 a6 10. Nd4 b5 11. a4 b4 12. Nce2 e5 13. Nb3 e4 14. Bxe4 dxe4 15.
Bxf6 Qxf6 16. Qd5 Qb6 17. Qxe4 Bb7 18. Qf5 Qe6 19. Qxe6 fxe6 20. Nf4 Rae8 21.
Rfd1 Rf7 22. Rxd7 Rxd7 23. Nxc5 Rc7 24. Nfxe6 Rc6 25. Nxb7 Rcxe6 26. Na5 Rc8 27.
Rc1 Rd6 28. Nb3 Rxc2 29. Rb1 Rxb2 30. Rxb2 Rd1+ 0-1

[Event "Ogolnopolska Olimpiada Mlodziezy w Sportach Umyslowych - C12"]
[Site "Walbrzych, Zamek Ksiaz"]
[Date "2013-04-18"]
[Round "2.6"]
[White "Lukasiewicz, Krzysztof"]
[Black "Tustanowski, Mateusz"]
[Result "1-0"]
[WhiteTitle "I"]
[BlackTitle "II+"]
[WhiteElo "1747"]
[BlackElo "1602"]

1. e4 e5 2. Nf3 Nc6 3. d4 exd4 4. Bc4 Nf6 5. O-O Nxe4 6. Re1 d5 7. Bxd5 Qxd5 8.
Nc3 Qa5 9. Nxe4 Be6 10. Neg5 O-O-O 11. Nxe6 fxe6 12. Rxe6 Bd6 13. Bg5 Rde8 14.
Qe2 Kd7 15. Re1 Qxe1+ 16. Nxe1 Rxe6 17. Qg4 Rhe8 18. Nd3 Ne5 19. Nxe5+ Bxe5 20.
h3 c5 21. g3 Kc6 22. Qe4+ Kb6 23. Qd5 Bf6 24. Bd2 Re2 25. Qd6+ Kb5 26. a4+ Kxa4
27. Qd7+ b5 28. Qxa7+ 1-0

[Event "Ogolnopolska Olimpiada Mlodziezy w Sportach Umyslowych - C12"]
[Site "Walbrzych, Zamek Ksiaz"]
[Date "2013-04-18"]
[Round "2.7"]
[White "Paliszewski, Dominik"]
[Black "Chylewski, Patryk"]
[Result "1/2-1/2"]
[WhiteTitle "II"]
[BlackTitle "I"]
[WhiteElo "1600"]
[BlackElo "1729"]

1. e4 c5 2. c3 d5 3. exd5 Qxd5 4. d4 Nc6 5. Na3 Bf5 6. Be3 cxd4 7. Nb5 Rc8 8. Nxd4
Be4 9. f3 Bf5 10. Bb5 Qe5 11. Kf2 Nf6 12. Nge2 Nd5 13. Qd2 e6 14. Rad1 Qxe3+ 15.
Qxe3 Nxe3 16. Kxe3 Bc5 17. Kd2 Bg6 18. Rhe1 O-O 19. Bxc6 bxc6 20. Kc1 Rfd8 21.
Nf4 Be7 22. Nxg6 hxg6 23. Kc2 Kf8 24. a3 Bf6 25. Nb3 c5 26. Rxd8+ Bxd8 27. Rd1
Ke7 28. Nd2 Rc7 29. Nc4 f6 30. Nd6 Rc6 31. Nc4 Bc7 32. h3 Bd8 33. Kb3 Bc7 34.
Ka4 a6 35. Kb3 Bd8 36. Kc2 Bc7 37. Rd3 Bd8 38. Kd2 Bc7 39. Ke3 Bh2 40. Kf2 Bf4
41. Ke2 Bg3 42. Ke3 g5 43. Ke2 Rb6 44. Na5 Rc6 45. Nc4 Rb6 46. Na5 1/2-1/2

[Event "Ogolnopolska Olimpiada Mlodziezy w Sportach Umyslowych - C12"]
[Site "Walbrzych, Zamek Ksiaz"]
[Date "2013-04-18"]
[Round "2.8"]
[White "Szpar, Milosz"]
[Black "Kubiak, Jakub"]
[Result "1/2-1/2"]
[WhiteTitle "I"]
[BlackTitle "II+"]
[WhiteElo "1717"]
[BlackElo "1492"]

1. e4 c5 2. Nf3 d6 3. d4 cxd4 4. Nxd4 Nf6 5. Nc3 a6 6. Be3 e5 7. Nb3 Be6 8. f3
Be7 9. Qd2 O-O 10. O-O-O a5 11. Qf2 a4 12. Nd2 a3 13. b3 Qa5 14. Ndb1 Nbd7 15.
Qd2 Rfc8 16. Nd5 Qxd2+ 17. Rxd2 Nxd5 18. exd5 Bf5 19. Bd3 Bxd3 20. Rxd3 b5 21.
Re1 Bf6 22. Nc3 b4 23. Ne4 Be7 24. g4 Rf8 25. g5 f5 26. gxf6 Nxf6 27. Bd2 Rab8
28. Nxf6+ Rxf6 29. Re4 Rg6 30. Rg4 Rxg4 31. fxg4 Kf7 32. Rf3+ Kg6 33. Re3 Bg5
34. Re4 Rb5 35. Bxg5 Kxg5 36. Rc4 h5 37. gxh5 Kxh5 38. h3 g5 39. c3 bxc3 40. Rxc3
Rxd5 41. b4 Rb5 42. Rxa3 Rxb4 43. Rd3 Rb6 44. Kc2 g4 45. a4 Kh4 46. hxg4 Kxg4
47. Kc3 e4 48. Rd1 e3 49. Kd3 Ra6 50. Kxe3 Rxa4 51. Rxd6 1/2-1/2

[Event "Ogolnopolska Olimpiada Mlodziezy w Sportach Umyslowych - C12"]
[Site "Walbrzych, Zamek Ksiaz"]
[Date "2013-04-18"]
[Round "2.9"]
[White "Rak, Maciej"]
[Black "Woloch, Oskar"]
[Result "0-1"]
[WhiteTitle "III"]
[BlackTitle "II"]
[WhiteElo "1352"]
[BlackElo "1706"]

1. e4 e5 2. Nf3 f5 3. Nxe5 Qf6 4. d4 d6 5. Nc4 fxe4 6. Nc3 Qg6 7. h3 Nf6 8. Be3
Be7 9. Qe2 O-O 10. O-O-O c6 11. a4 Be6 12. Qd2 Nbd7 13. Be2 Rfc8 14. b3 Nd5 15.
Na2 b5 16. axb5 cxb5 17. Nb2 Nxe3 18. Kb1 Nxd1 19. Qxd1 Rab8 20. d5 Bf7 21. Nb4
Ne5 22. f3 a5 23. f4 axb4 24. fxe5 dxe5 25. Rf1 Rd8 26. Bg4 Rxd5 27. Qe2 Ra8 28.
Bf5 Qa6 0-1

[Event "Ogolnopolska Olimpiada Mlodziezy w Sportach Umyslowych - C12"]
[Site "Walbrzych, Zamek Ksiaz"]
[Date "2013-04-18"]
[Round "2.10"]
[White "Majocha, Piotr"]
[Black "Sernecki, Franciszek"]
[Result "1/2-1/2"]
[WhiteTitle "II"]
[BlackTitle "II+"]
[WhiteElo "1503"]
[BlackElo "1696"]

1. e4 c5 2. Nf3 Nc6 3. d4 cxd4 4. Nxd4 g6 5. Be2 Bg7 6. Be3 Nf6 7. Nc3 O-O 8. O-O
d5 9. exd5 Nxd5 10. Nxd5 Qxd5 11. Nxc6 bxc6 12. Qxd5 cxd5 13. c3 Be6 14. Rad1
Rab8 15. Rd2 a5 16. Bf3 Rfd8 17. Rfd1 h5 18. h3 a4 19. a3 Rb5 20. Bd4 Bh6 21.
Be3 Bxe3 22. fxe3 Rd6 23. Rf2 Rdb6 24. Rdd2 Ra5 25. Bd1 Bd7 26. Rd4 e6 27. Rb4
Rxb4 28. cxb4 Ra6 29. Rc2 Kf8 30. Kf2 Ke7 31. Ke1 Kd6 32. Kd2 e5 33. Rc3 f5 34.
b3 axb3 35. Rxb3 Bb5 36. Be2 Bxe2 37. Kxe2 Ra4 38. Kd3 Kc6 39. Rc3+ Kb6 40. Rb3
Ra7 41. Rc3 Ra8 42. g3 Ra7 43. h4 Rd7 44. Rc5 Ra7 45. Rxd5 Rxa3+ 46. Ke2 Ra2+
47. Kf1 f4 48. gxf4 exf4 49. exf4 Rh2 50. Rd6+ Kb5 51. Rxg6 Rxh4 52. Kg2 Rxf4
53. Rg5+ Kxb4 54. Rxh5 Rc4 1/2-1/2

[Event "Ogolnopolska Olimpiada Mlodziezy w Sportach Umyslowych - C12"]
[Site "Walbrzych, Zamek Ksiaz"]
[Date "2013-04-18"]
[Round "2.11"]
[White "Garbowski, Jakub"]
[Black "Twardowski, Hubert"]
[Result "1-0"]
[WhiteTitle "II+"]
[BlackTitle "II"]
[WhiteElo "1687"]
[BlackElo "1353"]

1. e4 e5 2. Nf3 Nc6 3. Bb5 a6 4. Ba4 Nf6 5. d3 Bc5 6. Nc3 O-O 7. O-O d6 8. Bg5
h6 9. Bh4 Be6 10. Bb3 Na5 11. Nd5 Bxd5 12. Bxd5 c6 13. Bb3 Nxb3 14. axb3 Re8 15.
Re1 Qb6 16. c3 g5 17. Bg3 g4 18. Nh4 Kh7 19. b4 Bxb4 20. cxb4 Qxb4 21. Nf5 Rad8
22. Bh4 Re6 23. Qc1 Rh8 24. Qxh6+ Kg8 25. Qg7+ 1-0

[Event "Ogolnopolska Olimpiada Mlodziezy w Sportach Umyslowych - C12"]
[Site "Walbrzych, Zamek Ksiaz"]
[Date "2013-04-18"]
[Round "2.12"]
[White "Zolkiewski, Jakub"]
[Black "Kokoszczynski, Jan"]
[Result "1-0"]
[WhiteTitle "II"]
[BlackTitle "II"]
[WhiteElo "1489"]
[BlackElo "1623"]

1. d4 f5 2. c4 g6 3. Nc3 Nf6 4. Nf3 Bg7 5. e3 d6 6. Bd3 O-O 7. O-O Qe8 8. b3 e5
9. dxe5 dxe5 10. Be2 Rf7 11. Qc2 c6 12. Bb2 e4 13. Nd2 Nbd7 14. b4 b6 15. Nb3
Nf8 16. Nd4 Ne6 17. Nxe6 Bxe6 18. Rfd1 Rd8 19. Rxd8 Qxd8 20. Rd1 Rd7 21. a3 h6
22. h3 Kh7 23. Kf1 Ne8 24. Rxd7 Qxd7 25. Qd1 Qd6 26. Kg1 Bxc4 27. Bxc4 Bxc3 28.
Bg8+ Kg7 29. Qb3 Qe7 30. Bxc3+ Nf6 31. Qe6 Qf8 32. Bxf6+ Qxf6 33. Qxf6+ Kxf6 34.
Kf1 Ke5 35. g3 c5 36. bxc5 bxc5 37. Ke2 Kd6 38. Kd2 Kc6 39. Kc3 Kb5 40. Kb3 g5
41. Bh7 c4+ 42. Kc3 a5 43. Bxf5 Ka4 44. Bxe4 Kxa3 45. Kxc4 a4 46. Bc6 h5 47. e4
g4 48. hxg4 hxg4 49. e5 Kb2 50. Bxa4 1-0

[Event "Ogolnopolska Olimpiada Mlodziezy w Sportach Umyslowych - C12"]
[Site "Walbrzych, Zamek Ksiaz"]
[Date "2013-04-18"]
[Round "2.13"]
[White "Pytel, Maciej"]
[Black "Ulatowski, Jakub"]
[Result "1-0"]
[WhiteTitle "II"]
[BlackTitle "II"]
[WhiteElo "1616"]
[BlackElo "1455"]

1. e4 c5 2. Nf3 d6 3. d4 cxd4 4. Nxd4 Nf6 5. Nc3 a6 6. Be2 e6 7. f4 Be7 8. O-O
O-O 9. Be3 Qc7 10. Bd3 Nc6 11. Nxc6 Qxc6 12. g4 b5 13. g5 Nd7 14. Qh5 Nc5 15.
a3 Bb7 16. Rf3 g6 17. Qh6 f6 18. Bd4 Qc7 19. Raf1 Rf7 20. Rh3 Raf8 21. Rf2 Bc6
22. Kf1 Qb7 23. Re2 Nxd3 24. cxd3 fxg5 25. Qxg6+ 1-0

[Event "Ogolnopolska Olimpiada Mlodziezy w Sportach Umyslowych - C12"]
[Site "Walbrzych, Zamek Ksiaz"]
[Date "2013-04-18"]
[Round "2.14"]
[White "Gaj, Szymon"]
[Black "Ochowicz, Jakub"]
[Result "1/2-1/2"]
[WhiteTitle "II"]
[BlackTitle "II"]
[WhiteElo "1365"]
[BlackElo "1597"]

1. d4 Nf6 2. c4 g6 3. Nc3 Bg7 4. e4 d6 5. f3 O-O 6. Be3 a6 7. Qd2 Nbd7 8. Bh6 c5
9. d5 Qc7 10. h4 Rb8 11. g4 Ne5 12. h5 Bd7 13. Rd1 b5 14. Bg5 bxc4 15. Qh2 h6
16. Bf4 gxh5 17. g5 hxg5 18. Bxg5 Rfd8 19. Rd2 Kf8 20. Bxf6 exf6 21. Rg2 Bh8 22.
Qxh5 Ke7 23. f4 Ng6 24. Rxg6 Rxb2 25. Rg2 f5 26. Rxb2 Bxc3+ 27. Rd2 Bxd2+ 28.
Kxd2 Qa5+ 29. Ke3 Qc3+ 30. Kf2 Qd4+ 31. Ke1 Qc3+ 32. Kf2 Qd4+ 33. Ke1 Qc3+ 34.
Kf2 Qd4+ 1/2-1/2

[Event "Ogolnopolska Olimpiada Mlodziezy w Sportach Umyslowych - C12"]
[Site "Walbrzych, Zamek Ksiaz"]
[Date "2013-04-18"]
[Round "2.16"]
[White "Wyczling, Bartosz"]
[Black "Laszczak, Przemyslaw"]
[Result "1/2-1/2"]
[WhiteTitle "II+"]
[BlackTitle "II+"]
[WhiteElo "1704"]
[BlackElo "1506"]

1. d4 d5 2. c4 e6 3. Nc3 Nf6 4. cxd5 exd5 5. Bg5 Be7 6. e3 c6 7. Bd3 O-O 8. Nge2
Re8 9. O-O h6 10. Bh4 b6 11. Qc2 Ba6 12. Rac1 Bxd3 13. Qxd3 Nbd7 14. f3 Rb8 15.
h3 Nf8 16. e4 dxe4 17. fxe4 c5 18. d5 Nxe4 19. Nxe4 Bxh4 20. Qf3 Rb7 21. N2c3
Ng6 22. d6 Rd7 23. Nd5 Ne5 24. Qe2 Nc6 25. Qg4 Kh8 26. Rf4 Bg5 27. Nxg5 hxg5 28.
Qh5+ Kg8 29. Ne7+ Rdxe7 30. dxe7 Qxe7 31. Rff1 Nd4 32. Rce1 Ne2+ 33. Kh2 Qe5+
34. g3 Re7 35. Qf3 Qe4 36. Qxe4 Rxe4 37. Kg2 Re6 38. Kf2 Nd4 39. Rxe6 Nxe6 40.
Rd1 Nd4 41. b4 Kf8 42. bxc5 bxc5 43. Rc1 Ne6 44. Rb1 f5 45. Rb8+ Ke7 46. Rb7+
Kd6 47. Rxa7 c4 48. Ke2 f4 49. g4 c3 50. Kd3 f3 51. Ra6+ Kd5 52. Rb6 Nc5+ 53.
Kc2 f2 54. Rb1 Ne4 55. Rf1 Kd4 56. a4 Ke3 57. a5 Nc5 58. Kxc3 Ke2 59. Rxf2+ Kxf2
60. Kc4 Na6 61. Kb5 Nc7+ 62. Kc6 Na6 63. Kb6 Nb4 64. Kb5 Nd5 65. Kc5 Nc7 1/2-1/2

[Event "Ogolnopolska Olimpiada Mlodziezy w Sportach Umyslowych - C12"]
[Site "Walbrzych, Zamek Ksiaz"]
[Date "2013-04-18"]
[Round "2.17"]
[White "Raczynski, Krzysztof"]
[Black "Krawczyk, Piotr"]
[Result "1-0"]
[WhiteTitle "II+"]
[BlackTitle "II"]
[WhiteElo "1593"]
[BlackElo "1439"]

1. e4 e5 2. f4 exf4 3. Nf3 Ne7 4. d4 Ng6 5. Bd3 Be7 6. O-O O-O 7. Nc3 d6 8. Nd5
Nc6 9. Nxf4 Bg4 10. c3 Nxf4 11. Bxf4 Qd7 12. h3 Bh5 13. Qe1 Nd8 14. Qg3 Ne6 15.
Bd2 Bg6 16. Nh4 Bxh4 17. Qxh4 d5 18. Rae1 c5 19. exd5 Qxd5 20. Bxg6 fxg6 21. Rxf8+
Rxf8 22. Qe7 Rf6 23. Re5 Qc4 24. d5 Qf1+ 25. Kh2 Nf4 26. Rg5 h6 27. Rg4 Ne2 28.
Be3 Qb1 29. Bxc5 Qd1 30. Bd4 h5 31. Re4 Nxd4 32. Rxd4 Qc1 33. Qe2 Qg5 34. d6 h4
35. Rg4 1-0

[Event "Ogolnopolska Olimpiada Mlodziezy w Sportach Umyslowych - C12"]
[Site "Walbrzych, Zamek Ksiaz"]
[Date "2013-04-18"]
[Round "2.18"]
[White "Blocinski, Maciej"]
[Black "Dabrowski, Damian"]
[Result "1-0"]
[WhiteTitle "II+"]
[BlackTitle "II"]
[WhiteElo "1444"]
[BlackElo "1589"]

1. d4 d5 2. c4 e5 3. dxe5 d4 4. Nf3 Nc6 5. h3 Be6 6. e4 Qd7 7. a3 Nge7 8. Bf4 Ng6
9. Bg3 O-O-O 10. Bd3 h5 11. b4 h4 12. Bh2 Be7 13. Nbd2 Rh5 14. Nb3 Bg5 15. Nc5
Qe7 16. Qa4 Bf4 17. Qb5 Na5 18. bxa5 c6 19. Qb4 Bxh2 20. Rxh2 Nf4 21. Rd1 f6 22.
exf6 Qxc5 23. Qxc5 Rxc5 24. Nxh4 gxf6 25. g3 Nxd3+ 26. Rxd3 Bxc4 27. Rd1 d3 28.
f3 Rxa5 29. Nf5 Rxa3 30. h4 c5 31. Rc1 b5 32. h5 Kd7 33. h6 Rh8 34. h7 b4 35.
Ne3 Bb3 36. Ng4 c4 37. Nxf6+ Ke7 38. Nd5+ Kf7 39. Nxb4 a5 40. Nc6 Bc2 41. Ne5+
Kg7 42. Nxc4 Ra4 43. Ne3 Rxh7 44. Rxh7+ Kxh7 45. Nxc2 dxc2 46. Rxc2 Kg6 47. Kd2
Kf6 48. Ke3 Rb4 49. Kf4 a4 50. Rc6+ Ke7 51. Ra6 Rc4 52. g4 Kd7 53. g5 Kc7 54.
g6 Kb7 55. Rd6 Rc8 56. Kg5 a3 57. Rd3 Ra8 58. Rd1 a2 59. Ra1 Kc7 60. f4 Kd7 61.
f5 Ke7 62. f6+ Kf8 63. e5 Kg8 64. g7 Kf7 65. e6+ Kxe6 66. Kg6 Ke5 67. f7 Ra6+
68. Kh7 1-0

[Event "Ogolnopolska Olimpiada Mlodziezy w Sportach Umyslowych - C12"]
[Site "Walbrzych, Zamek Ksiaz"]
[Date "2013-04-18"]
[Round "2.19"]
[White "Mendak, Mateusz"]
[Black "Wierzbicki, Michal"]
[Result "1-0"]
[WhiteTitle "II"]
[BlackTitle "II"]
[WhiteElo "1565"]
[BlackElo "1405"]

1. e4 e6 2. d4 d5 3. exd5 exd5 4. c4 dxc4 5. Bxc4 Nf6 6. Nc3 Bd6 7. Nf3 O-O 8.
O-O h6 9. Re1 a6 10. a4 c6 11. Qb3 Qc7 12. Ne5 Bxe5 13. dxe5 Ne8 14. Bf4 Qa5 15.
e6 fxe6 16. Bxe6+ Bxe6 17. Qxe6+ Kh8 18. Bxh6 Qc7 19. Bg5 Nf6 20. Bxf6 Rxf6 21.
Qe8+ Kh7 22. Re5 Rh6 23. g3 Nd7 24. Qxa8 Nxe5 25. Qf8 Rf6 26. Qb4 Nf7 27. Qe4+
Kg8 28. Rc1 Ng5 29. Qc4+ Rf7 30. Kg2 Qd7 31. Kh1 Nh3 32. Ne4 Qf5 33. f4 Qg4 34.
Rf1 g5 35. fxg5 Qxe4+ 36. Qxe4 Rxf1+ 37. Kg2 Rf2+ 38. Kxh3 1-0

[Event "Ogolnopolska Olimpiada Mlodziezy w Sportach Umyslowych - C12"]
[Site "Walbrzych, Zamek Ksiaz"]
[Date "2013-04-18"]
[Round "2.20"]
[White "Topolan, Pawel"]
[Black "Ryk, Mikolaj"]
[Result "0-1"]
[WhiteTitle "II"]
[BlackTitle "II"]
[WhiteElo "1432"]
[BlackElo "1555"]

1. e4 c5 2. Nf3 d6 3. d4 cxd4 4. Nxd4 Nf6 5. Nc3 a6 6. Be3 e6 7. f3 Be7 8. Qd2
Qc7 9. O-O-O b5 10. g4 Bb7 11. h4 Nc6 12. h5 h6 13. Kb1 Nd7 14. g5 Nxd4 15. Qxd4
hxg5 16. Qxg7 Bf6 17. h6 Bxg7 18. hxg7 Rg8 19. Bxg5 f6 20. Bh6 Rc8 21. Bd3 Ne5
22. Rd2 Nxd3 23. cxd3 b4 24. Ne2 e5 25. Ng3 Bc6 26. Rc2 Qd7 27. Nf5 Bb7 28. Rg2
Kd8 29. Bd2 a5 30. Rh8 Kc7 31. Rgh2 Rxg7 32. Nxg7 Rxh8 33. Rxh8 Qxg7 34. Rh1 Qg2
35. Rh7+ Kc6 0-1

[Event "Ogolnopolska Olimpiada Mlodziezy w Sportach Umyslowych - C12"]
[Site "Walbrzych, Zamek Ksiaz"]
[Date "2013-04-18"]
[Round "2.21"]
[White "Pijewski, Milosz"]
[Black "Pacan-milej, Kosma"]
[Result "1/2-1/2"]
[WhiteTitle "II"]
[BlackTitle "II"]
[WhiteElo "1516"]
[BlackElo "1257"]

1. e4 c6 2. d4 d5 3. e5 Bf5 4. g4 Bd7 5. f4 e6 6. Nf3 c5 7. c3 Nc6 8. Be3 cxd4
9. cxd4 Qb6 10. Qd2 f6 11. Nc3 Bb4 12. a3 Bxc3 13. bxc3 Na5 14. Qc2 Rc8 15. Rb1
Rxc3 16. Qxc3 Qxb1+ 17. Kf2 Qb6 18. Bd3 Nc6 19. f5 Nge7 20. Rb1 Qa5 21. Qxa5 Nxa5
22. Bd2 Nac6 23. Rxb7 Bc8 24. Rb3 exf5 25. gxf5 Bxf5 26. Bxf5 Nxf5 27. exf6 gxf6
28. Rb7 O-O 29. Bc3 Rb8 30. Rxb8+ Nxb8 31. Bb4 Nc6 32. Bc5 Kf7 33. h3 Ke6 34.
Ke2 Ng3+ 35. Ke3 Ne4 36. Bf8 Kf7 37. Bh6 Nd6 38. Kd3 Nc4 39. Bc1 N6a5 40. Kc3
Nc6 41. Kd3 1/2-1/2

[Event "Ogolnopolska Olimpiada Mlodziezy w Sportach Umyslowych - C12"]
[Site "Walbrzych, Zamek Ksiaz"]
[Date "2013-04-18"]
[Round "3.1"]
[White "Gumularz, Szymon"]
[Black "Psyk, Radoslaw"]
[Result "1-0"]
[WhiteTitle "I+"]
[BlackTitle "I"]
[WhiteElo "1903"]
[BlackElo "1782"]

1. e4 c5 2. Nf3 e6 3. d4 cxd4 4. Nxd4 Nc6 5. Nc3 a6 6. Nxc6 bxc6 7. Bd3 d5 8. O-O
Nf6 9. Qe2 Be7 10. e5 Nd7 11. Na4 Bb7 12. c4 Qa5 13. Bc2 dxc4 14. f4 Nc5 15. Nxc5
Bxc5+ 16. Kh1 Rd8 17. f5 Bc8 18. Qg4 Bd4 19. Qxg7 Qxe5 20. f6 Rf8 21. Bh6 Bc5
22. Qxh7 Rd4 23. Bxf8 Bxf8 24. Rad1 Qe2 25. Rde1 Rf4 26. Rg1 Qf2 27. h3 Rh4 28.
Qg8 Qxc2 29. Rd1 Bd7 30. Rxd7 Kxd7 31. Qxf7+ Kd6 32. Qxf8+ Kd5 33. Qd8+ Kc5 34.
Qa5+ Kd4 35. f7 Rh8 36. Re1 c5 37. Qc7 c3 38. Qe5+ Kc4 39. b3+ Kb4 40. Qxh8 Qf2
41. Rc1 1-0

[Event "Ogolnopolska Olimpiada Mlodziezy w Sportach Umyslowych - C12"]
[Site "Walbrzych, Zamek Ksiaz"]
[Date "2013-04-18"]
[Round "3.2"]
[White "Pultorak, Jan"]
[Black "Lukasiewicz, Krzysztof"]
[Result "0-1"]
[WhiteTitle "I"]
[BlackTitle "I"]
[WhiteElo "1803"]
[BlackElo "1747"]

1. d4 d5 2. c4 e6 3. Nc3 Nf6 4. Bf4 Be7 5. e3 O-O 6. a3 b6 7. g4 Bb7 8. Bg2 c5
9. dxc5 bxc5 10. Nge2 Qc8 11. g5 Nh5 12. Bxb8 Rxb8 13. Ng3 Nxg3 14. hxg3 Bxg5
15. Qh5 h6 16. f4 Bf6 17. g4 Qd8 18. Rc1 Bxc3+ 19. bxc3 d4 20. Bxb7 Rxb7 21. Qxc5
dxc3 22. Rh2 Rb2 23. Rxb2 cxb2 24. Rb1 Qd3 25. Rxb2 Qc3+ 26. Rd2 Rd8 27. Qb4 Qxe3+
28. Kd1 Qf3+ 29. Kc2 Qe4+ 30. Kb3 Qe3+ 31. Kc2 Qe4+ 32. Kb3 Qb1+ 33. Rb2 Qd3+
34. Ka2 Rd4 35. Qb8+ Kh7 36. c5 Qc4+ 37. Qb3 Qxc5 38. Rc2 Qd6 39. g5 Qxf4 40.
gxh6 gxh6 41. Qb1 Qf5 42. Qb2 Qd5+ 43. Ka1 Rd1+ 44. Rc1 Qd4 45. Rxd1 Qxd1+ 46.
Ka2 Qd5+ 47. Ka1 a5 48. Qc2+ Qf5 0-1

[Event "Ogolnopolska Olimpiada Mlodziezy w Sportach Umyslowych - C12"]
[Site "Walbrzych, Zamek Ksiaz"]
[Date "2013-04-18"]
[Round "3.3"]
[White "Kosakowski, Jakub"]
[Black "Kowalski, Igor"]
[Result "1/2-1/2"]
[WhiteTitle "I"]
[BlackTitle "I"]
[WhiteElo "1754"]
[BlackElo "1824"]

1. e4 c5 2. Nf3 e6 3. d4 cxd4 4. Nxd4 Nc6 5. Nc3 Qc7 6. Be3 a6 7. f3 Nf6 8. Qd2
Bb4 9. O-O-O Nxd4 10. Bxd4 e5 11. Bf2 Bxc3 12. Qxc3 Qxc3 13. bxc3 O-O 14. Bb6
Re8 15. Bc4 g6 16. g4 h6 17. h4 Kg7 18. Rd6 Rh8 19. Bb3 Ne8 20. Rd2 d6 21. Ba4
Be6 22. Kb2 Rc8 23. Bxe8 Rhxe8 24. Rxd6 Rc4 25. Rd8 Rxd8 26. Bxd8 Rc5 27. a4 Rc4
28. a5 Rc8 29. Bb6 Bc4 30. Rh2 Be6 31. Rd2 f6 32. Be3 g5 33. h5 Kf7 34. Bb6 Ke7
35. Bf2 Bf7 36. Bb6 Be6 37. Bf2 Bf7 38. Bb6 Be6 39. Bf2 Bf7 40. Bb6 Be6 41. Bf2
1/2-1/2

[Event "Ogolnopolska Olimpiada Mlodziezy w Sportach Umyslowych - C12"]
[Site "Walbrzych, Zamek Ksiaz"]
[Date "2013-04-18"]
[Round "3.4"]
[White "Chylewski, Patryk"]
[Black "Pytel, Maciej"]
[Result "1-0"]
[WhiteTitle "I"]
[BlackTitle "II"]
[WhiteElo "1729"]
[BlackElo "1616"]

1. e4 c5 2. Nf3 e6 3. d4 cxd4 4. Nxd4 Nc6 5. Nb5 d6 6. c4 Nf6 7. N1c3 a6 8. Na3
Be7 9. Be3 O-O 10. Be2 b6 11. Rc1 Bb7 12. O-O Rc8 13. f3 Nd7 14. Qd2 Nc5 15. Nc2
Qc7 16. Rfd1 Rfd8 17. Qe1 Bf8 18. Qf2 a5 19. Nb5 Qb8 20. a3 a4 21. Qg3 Na7 22.
Ncd4 e5 23. Nf5 Kh8 24. Nbxd6 Rxd6 25. Rxd6 Bxe4 26. Bxc5 bxc5 27. fxe4 Qxb2 28.
Re1 g6 29. Rd7 Nc6 30. Nd6 Bxd6 31. Rxd6 Nd4 32. Qxe5+ Kg8 33. Rxd4 cxd4 34. Qg3
Rb8 35. Bd1 Rd8 36. Qd3 Ra8 37. Re2 Qb6 38. Rd2 Rd8 39. Bxa4 Qa5 40. Bc6 h5 41.
Bd5 Kh7 42. Bxf7 Rf8 43. Bd5 Qa7 44. Qxd4 Qxa3 45. c5 1-0

[Event "Ogolnopolska Olimpiada Mlodziezy w Sportach Umyslowych - C12"]
[Site "Walbrzych, Zamek Ksiaz"]
[Date "2013-04-18"]
[Round "3.5"]
[White "Lis, Mateusz"]
[Black "Szpar, Milosz"]
[Result "1/2-1/2"]
[WhiteTitle "II+"]
[BlackTitle "I"]
[WhiteElo "1687"]
[BlackElo "1717"]

1. e4 c5 2. Nf3 Nc6 3. Nc3 g6 4. Bb5 Bg7 5. O-O d6 6. d4 cxd4 7. Nxd4 Bd7 8. Be3
Nf6 9. h3 O-O 10. Qe1 Qc7 11. Rd1 Nxd4 12. Bxd4 Bxb5 13. Nxb5 Qc6 14. Nc3 e5 15.
Be3 Nxe4 16. Nxe4 Qxe4 17. Rxd6 Rad8 18. Rxd8 Rxd8 19. Bxa7 Qxc2 20. Qb1 Rc8 21.
Be3 e4 22. b3 f5 23. h4 h5 24. Rc1 Qxb1 25. Rxb1 Rc2 26. a4 Rb2 27. Rxb2 Bxb2
28. Bd2 Kf7 29. Kf1 Ke6 30. Ke2 Bd4 31. Bh6 Kd5 32. Bf8 Bc5 33. Bg7 f4 34. Bh6
Ke5 35. f3 e3 36. Kd3 Kf5 37. Bg5 Ke5 38. Bh6 Kf5 39. Bg5 Ke5 40. Bh6 Be7 41.
Bg5 1/2-1/2

[Event "Ogolnopolska Olimpiada Mlodziezy w Sportach Umyslowych - C12"]
[Site "Walbrzych, Zamek Ksiaz"]
[Date "2013-04-18"]
[Round "3.6"]
[White "Woloch, Oskar"]
[Black "Paliszewski, Dominik"]
[Result "1-0"]
[WhiteTitle "II"]
[BlackTitle "II"]
[WhiteElo "1706"]
[BlackElo "1600"]

1. e4 c5 2. Nc3 a6 3. Nf3 g6 4. a4 Bg7 5. Bc4 Nc6 6. O-O e6 7. d3 Nge7 8. Re1 O-O
9. Bg5 Qc7 10. Qd2 Rd8 11. Bf4 d6 12. Kh1 Qb6 13. Rab1 h5 14. Ba2 Nd4 15. Qd1
Qc6 16. Ra1 b6 17. Nd2 Bb7 18. f3 Kh7 19. Nc4 Rd7 20. Ne2 Nxe2 21. Rxe2 a5 22.
c3 Ba6 23. Rc1 e5 24. Bg3 Bh6 25. Rb1 Rf8 26. Qc2 f5 27. Rd1 f4 28. Bf2 g5 29.
Ree1 Ng8 30. Rc1 Rg7 31. d4 Qc7 32. dxc5 dxc5 33. b4 g4 34. b5 Bb7 35. Bh4 gxf3
36. gxf3 Bg5 37. Bxg5 Rxg5 38. Rg1 Qe7 39. Rxg5 Qxg5 40. Rg1 Qf6 41. Qg2 Nh6 42.
Nxe5 Ng4 43. Nxg4 Qxc3 44. Ne5 1-0

[Event "Ogolnopolska Olimpiada Mlodziezy w Sportach Umyslowych - C12"]
[Site "Walbrzych, Zamek Ksiaz"]
[Date "2013-04-18"]
[Round "3.7"]
[White "Kubiak, Jakub"]
[Black "Garbowski, Jakub"]
[Result "0-1"]
[WhiteTitle "II+"]
[BlackTitle "II+"]
[WhiteElo "1492"]
[BlackElo "1687"]

1. e4 e5 2. Nf3 Nc6 3. Bb5 a6 4. Ba4 Nf6 5. d3 b5 6. Bb3 Be7 7. O-O d6 8. c3 O-O
9. Re1 Re8 10. Nbd2 Na5 11. Bc2 Bf8 12. Nf1 g6 13. h3 Bg7 14. Ng3 h6 15. Be3 d5
16. d4 exd4 17. Bxd4 Bb7 18. exd5 Rxe1+ 19. Qxe1 Bxd5 20. Ne4 Nc4 21. b3 Nd6 22.
Nxd6 Qxd6 23. Be5 Qc6 24. Nd4 Qb7 25. Qf1 Re8 26. f4 c5 27. Ne2 Nh5 28. Bxg7 Kxg7
29. f5 Bxg2 30. Qf2 Bf3 31. Bd1 Be4 32. fxg6 fxg6 33. Qxc5 Bh1 34. Qd4+ Kh7 35.
Qg4 Bf3 36. Qd4 Bxe2 37. Bc2 Ng3 38. Qd6 Qh1+ 39. Kf2 Qf3+ 40. Ke1 Bd3+ 41. Kd2
Re2+ 0-1